[Event "WY Boys-U16"]
[Site "Porto Carras GRE"]
[Date "2010.10.24"]
[Round "6.10"]
[White "Juhasz, Kristof"]
[Black "Anton Guijarro, David"]
[Result "0-1"]
[BlackTitle "FM"]
[WhiteElo "2268"]
[BlackElo "2403"]
[WhiteFideId "738808"]
[BlackFideId "2285525"]
[EventDate "2010.10.20"]

1. d4 e6 2. c4 Nf6 3. Nf3 d5 4. g3 Bb4+ 5. Bd2 Be7 6. Bg2 O-O 7. O-O c6 8. Qb3
Nbd7 9. Bg5 Qb6 10. Nbd2 h6 11. Bxf6 Bxf6 12. Qxb6 axb6 13. e4 dxe4 14. Nxe4 Be7
15. Rfd1 Ra5 16. a3 f5 17. Nc3 Bf6 18. Re1 Re8 19. b4 Ra8 20. Ne5 Rd8 21. f4
Nxe5 22. dxe5 Be7 23. Bf1 g5 24. Rec1 gxf4 25. gxf4 Rd4 26. Ne2 Rd3 27. Rd1 Rxd1
28. Rxd1 Rxa3 29. b5 Kf7 30. Bg2 Ra4 31. bxc6 bxc6 32. Bxc6 Rxc4 33. Bb5 Rc2 34.
Kf1 Rb2 35. Bd3 Ra2 36. Bc4 Ra4 37. Bb3 Rb4 38. Bc2 Ba6 39. Bd3 Bb7 40. Ra1 Bd5
41. Rd1 Bf3 42. Ra1 Bc5 43. h3 Kg6 44. Ke1 Be3 45. Ra3 Bxe2 46. Kxe2 Bxf4 47.
Rc3 Bxe5 48. Rc6 Kf6 49. Bc4 Bd6 50. Kd3 Ke7 51. Rc8 b5 52. Ba2 Rh4 53. Rh8
Rxh3+ 54. Kd4 Rh4+ 55. Kd3 b4 56. Rh7+ Kf6 57. Rd7 Rh3+ 58. Kc4 Rc3+ 59. Kb5 b3
60. Bb1 Rc1 0-1

[Event "WY Boys-U16"]
[Site "Porto Carras GRE"]
[Date "2010.10.24"]
[Round "6.11"]
[White "Nagy, Gabor"]
[Black "Nasanjargal, Urtnasan"]
[Result "0-1"]
[WhiteElo "2372"]
[BlackElo "2230"]
[WhiteFideId "737119"]
[BlackFideId "4900774"]
[EventDate "2010.10.20"]

1. e4 c5 2. Nf3 d6 3. d4 cxd4 4. Nxd4 Nf6 5. Nc3 g6 6. g3 Bg7 7. Bg2 O-O 8. h3
Nc6 9. Nde2 Rb8 10. a4 a6 11. O-O b5 12. axb5 axb5 13. Nd5 Nd7 14. Ra2 Nc5 15.
b4 Nd7 16. c3 Nde5 17. f4 Nc4 18. Kh2 Bb7 19. Ne3 Ra8 20. Rxa8 Qxa8 21. Nxc4
bxc4 22. Qc2 Qa7 23. Rd1 Ra8 24. b5 Na5 25. Nd4 Qb6 26. Qa4 e5 27. Nc2 exf4 28.
Bxf4 Bxc3 29. Ne3 Qc5 30. Nd5 Nb3 31. Qxa8+ Bxa8 32. Nxc3 Nd4 33. Na4 Qxb5 34.
Rxd4 Qxa4 35. Bxd6 f6 36. Bf4 Qa2 37. Rd2 Qa4 38. Rd4 g5 39. Bd2 Bc6 40. Bf1 Bb5
41. Rd5 Qc2 42. Kg1 c3 0-1

[Event "WY Boys-U16"]
[Site "Porto Carras GRE"]
[Date "2010.10.24"]
[Round "6.13"]
[White "Zhou, Yang-Fan"]
[Black "Kosmas-Lekkas, Dimitiros"]
[Result "1/2-1/2"]
[WhiteTitle "FM"]
[WhiteElo "2320"]
[BlackElo "2137"]
[WhiteFideId "468584"]
[BlackFideId "4211936"]
[EventDate "2010.10.20"]

1. e4 c5 2. Nf3 Nc6 3. Bb5 g6 4. Bxc6 dxc6 5. d3 Bg4 6. Be3 Bg7 7. Nc3 Qd6 8.
Qd2 e5 9. h3 Bxf3 10. gxf3 O-O-O 11. f4 exf4 12. Bxf4 Be5 13. Bxe5 Qxe5 14. f4
Qh5 15. Qe2 Qh4+ 16. Qf2 Qh5 17. Kd2 Kb8 18. Rad1 f6 19. Kc1 Ne7 20. d4 cxd4 21.
Rxd4 Qa5 22. Rhd1 Qc7 23. f5 Rxd4 24. Qxd4 Rf8 25. Rf1 Qe5 26. Qd7 Qc7 27. Rd1
Qe5 28. Rf1 Qc7 29. Qd2 Rd8 30. Qh6 Ng8 31. Qf4 Qxf4+ 32. Rxf4 g5 33. Rf3 Nh6
34. Rd3 Kc7 35. Ne2 Nf7 36. Nd4 Re8 37. Ne6+ Kc8 38. b3 Nd8 39. Nc5 Re7 40. Rd6
b6 41. Nd3 Rf7 42. Nf2 Kc7 43. Rd3 Nb7 44. h4 Nc5 45. Rh3 g4 46. Nxg4 Nxe4 47.
Re3 Nc5 48. h5 Rg7 49. Nxf6 Rf7 50. Ng4 Rxf5 51. Re7+ Kd6 52. Rxh7 Ne4 53. h6 b5
54. Kd1 a5 55. Ke2 Nc3+ 56. Kd2 Ne4+ 57. Ke3 Nf6 58. Nxf6 Rxf6 59. Ke4 Kc5 60.
c3 Kd6 61. Rh8 Kc5 62. Ke5 Rf2 63. Rg8 Rh2 64. Rg6 Rxa2 65. Kf6 Rh2 66. Rg5+ Kb6
67. Kg6 a4 68. bxa4 bxa4 69. Rh5 Rxh5 70. Kxh5 a3 71. h7 a2 72. h8=Q a1=Q 73.
Qb8+ Kc5 74. Qb4+ 1/2-1/2

[Event "WY Boys-U16"]
[Site "Porto Carras GRE"]
[Date "2010.10.24"]
[Round "6.14"]
[White "Donskov, Anatoly"]
[Black "Orujov, Shujaat Ismiali oglu"]
[Result "1-0"]
[WhiteElo "2280"]
[BlackElo "2098"]
[WhiteFideId "24143413"]
[BlackFideId "13403613"]
[EventDate "2010.10.20"]

1. e4 c5 2. Nf3 d6 3. d4 cxd4 4. Nxd4 Nf6 5. Nc3 a6 6. Be2 e6 7. O-O Be7 8. f4
Nc6 9. Kh1 Qc7 10. a4 Bd7 11. Nb3 O-O 12. Be3 Na5 13. Nxa5 Qxa5 14. Qd2 Qc7 15.
a5 Bc6 16. Bf3 Nd7 17. g4 Rfe8 18. g5 Bf8 19. Bg1 Nc5 20. b4 Nd7 21. Rab1 Rac8
22. Rb3 Qd8 23. Bg2 f6 24. f5 exf5 25. gxf6 Nxf6 26. Rxf5 Qd7 27. Qf4 Be7 28.
Nd5 Bxd5 29. exd5 Rf8 30. Qf1 Kh8 31. Rbf3 Rfe8 32. c4 Qc7 33. Bb6 Qb8 34. Bd4
Qc7 35. Bh3 Ra8 36. R5f4 Rf8 37. Be6 Rae8 38. Qd3 h6 39. Qg6 Bd8 40. Bxf6 Bxf6
41. Rxf6 1-0

[Event "WY Boys-U16"]
[Site "Porto Carras GRE"]
[Date "2010.10.24"]
[Round "6.15"]
[White "Igambergenov, Alibek"]
[Black "Meskovs, Nikita"]
[Result "1/2-1/2"]
[WhiteElo "2195"]
[BlackElo "2263"]
[WhiteFideId "13703404"]
[BlackFideId "11602740"]
[EventDate "2010.10.20"]

1. d4 Nf6 2. c4 c5 3. d5 b5 4. cxb5 a6 5. bxa6 g6 6. Nc3 Bxa6 7. g3 d6 8. Bg2
Bg7 9. Nf3 Nbd7 10. O-O Nb6 11. Rb1 Bc4 12. Ne1 Bxa2 13. Nxa2 Rxa2 14. b4 c4 15.
Be3 O-O 16. Rc1 Nfd7 17. Nf3 Qa8 18. Bh3 f5 19. Bg2 Qxd5 20. Nd2 Qe5 21. Nxc4
Nxc4 22. Rxc4 Nf6 23. Bf3 Kh8 24. Qb3 Qb2 25. Rb1 Qxb3 26. Rxb3 e5 27. Bc6 d5
28. Rc1 d4 29. Bg5 h6 30. Bxf6 Bxf6 31. Kf1 e4 32. b5 d3 33. Re1 Bd4 34. b6 Rb8
35. b7 Rc2 36. e3 Bxe3 37. fxe3 Rxc6 38. Ra1 d2 39. Kf2 Rc2 40. Rd1 Rc7 41. Rxd2
Rbxb7 42. Rxb7 Rxb7 43. h3 Kg7 44. g4 Rf7 45. Ke2 Kf6 46. gxf5 gxf5 47. Kf2 Rb7
48. Kg3 Ke5 49. Ra2 Rg7+ 50. Kf2 Rd7 51. Ra6 Rd2+ 52. Ke1 Rh2 53. Rxh6 Kd5 54.
h4 Kc4 55. Rd6 Rxh4 56. Rd4+ Kc3 57. Rd5 Rh2 58. Rd8 1/2-1/2

[Event "WY Boys-U16"]
[Site "Porto Carras GRE"]
[Date "2010.10.24"]
[Round "6.16"]
[White "Liu, Chang"]
[Black "Cori, Jorge"]
[Result "1/2-1/2"]
[BlackTitle "GM"]
[WhiteElo "2162"]
[BlackElo "2496"]
[WhiteFideId "8606340"]
[BlackFideId "3802272"]
[EventDate "2010.10.20"]

1. e4 e5 2. Nf3 Nc6 3. Nc3 Nf6 4. d4 exd4 5. Nxd4 Bb4 6. Nxc6 bxc6 7. Bd3 O-O 8.
O-O d5 9. exd5 cxd5 10. Bg5 Bxc3 11. bxc3 h6 12. Bf4 c5 13. Re1 Bb7 14. Qf3 Ne4
15. c4 f5 16. cxd5 Qxd5 17. Bxe4 fxe4 18. Qe3 Qc4 19. Bd6 Rf5 20. Qb3 Qf7 21.
Qxf7+ Kxf7 22. Rad1 Rc8 23. f3 Re8 24. f4 Rd5 25. Rxd5 Bxd5 26. Bxc5 Rc8 27. c4
Rxc5 28. cxd5 Rc4 29. Kf2 Rd4 30. Re2 Rxd5 31. Ke3 Ra5 32. Kxe4 Ra4+ 33. Ke5
Ra5+ 34. Ke4 Ra4+ 35. Kf3 Kf6 36. g3 Kf5 37. Ke3 Kg4 38. Kd3 g5 39. fxg5 Ra3+
40. Kc4 hxg5 41. Kb4 Ra6 42. a4 Kh3 43. a5 g4 44. Kb5 1/2-1/2

[Event "WY Boys-U16"]
[Site "Porto Carras GRE"]
[Date "2010.10.24"]
[Round "6.17"]
[White "Bok, Benjamin"]
[Black "Nenezic, Marko"]
[Result "1-0"]
[WhiteTitle "IM"]
[WhiteElo "2453"]
[BlackElo "2165"]
[WhiteFideId "1017063"]
[BlackFideId "912123"]
[EventDate "2010.10.20"]

1. e4 c5 2. Nf3 d6 3. d4 cxd4 4. Nxd4 Nf6 5. Nc3 a6 6. h3 e6 7. g4 b5 8. Bg2 Bb7
9. O-O Nfd7 10. a3 Be7 11. f4 Nc6 12. Nde2 Nb6 13. b3 h6 14. Be3 O-O 15. Qd2 Bf6
16. Rad1 Nc8 17. f5 Be5 18. fxe6 fxe6 19. Rxf8+ Qxf8 20. Nf4 Qf6 21. Nh5 Qg6 22.
Ne2 N8e7 23. Nef4 Qf7 24. Rf1 Rf8 25. Nd3 Qe8 26. Nxe5 Rxf1+ 27. Bxf1 dxe5 28.
Bxh6 Nd4 29. Bg2 Qf7 30. Bxg7 Nf3+ 31. Bxf3 Qxf3 32. Bxe5 Kh7 33. Qf2 Bxe4 34.
Nf6+ 1-0

[Event "WY Boys-U16"]
[Site "Porto Carras GRE"]
[Date "2010.10.24"]
[Round "6.18"]
[White "Malureanu, Costin-George"]
[Black "Moussard, Jules"]
[Result "1/2-1/2"]
[BlackTitle "FM"]
[WhiteElo "2146"]
[BlackElo "2423"]
[WhiteFideId "1202154"]
[BlackFideId "642908"]
[EventDate "2010.10.20"]

1. e4 c5 2. Nf3 d6 3. d4 cxd4 4. Nxd4 Nf6 5. Nc3 a6 6. f4 e6 7. Qf3 Qb6 8. Nb3
Nc6 9. g4 h6 10. h4 Be7 11. Bd3 Qc7 12. g5 hxg5 13. hxg5 Rxh1+ 14. Qxh1 Nd7 15.
Be3 b5 16. Qh8+ Bf8 17. g6 Nf6 18. e5 dxe5 19. Bc5 Ne7 20. O-O-O e4 21. gxf7+
Kxf7 22. Nxe4 Qxf4+ 23. Kb1 Ng6 24. Ng5+ Qxg5 25. Bxg6+ Kxg6 26. Rg1 Qxg1+ 27.
Bxg1 Nh7 28. Qg8 Bd7 29. Nc5 Nf6 30. Qh8 Rd8 31. Qh3 Bxc5 32. Bxc5 e5 33. Qg3+
Bg4 34. b4 e4 35. Kb2 Re8 36. Bd4 Kf5 37. Kc3 1/2-1/2

[Event "WY Boys-U16"]
[Site "Porto Carras GRE"]
[Date "2010.10.26"]
[Round "7.2"]
[White "Savitskiy, Sergey"]
[Black "Lagarde, Maxime"]
[Result "1/2-1/2"]
[BlackTitle "FM"]
[WhiteElo "2373"]
[BlackElo "2433"]
[WhiteFideId "24105660"]
[BlackFideId "662399"]
[EventDate "2010.10.20"]

1. e4 c5 2. Nf3 d6 3. d4 cxd4 4. Qxd4 Bd7 5. c4 Nf6 6. Nc3 g6 7. b3 Bg7 8. Bb2
Qa5 9. Rb1 O-O 10. Qd2 Nc6 11. h3 a6 12. a3 Qh5 13. Be2 Bg4 14. O-O Bxf3 15.
Bxf3 Qh4 16. Rfe1 Ne5 17. Qe2 g5 18. Nd5 Nxd5 19. cxd5 Rac8 20. Bxe5 Bxe5 21.
Bg4 Rc3 22. Red1 Qh6 23. Rd3 1/2-1/2

[Event "WY Boys-U16"]
[Site "Porto Carras GRE"]
[Date "2010.10.26"]
[Round "7.3"]
[White "Ochsner, Bjorn Moller"]
[Black "Krzyzanowski, Marcin"]
[Result "0-1"]
[WhiteElo "2195"]
[BlackElo "2356"]
[WhiteFideId "1416928"]
[BlackFideId "1132199"]
[EventDate "2010.10.20"]

1. e4 c5 2. Nf3 d6 3. d4 cxd4 4. Nxd4 Nf6 5. Nc3 a6 6. h3 e5 7. Nde2 h5 8. g3
Be7 9. Bg2 Be6 10. Be3 Nbd7 11. O-O b5 12. Qd2 Rc8 13. a4 b4 14. Nd5 Nxd5 15.
exd5 Bf5 16. Rfc1 a5 17. c3 b3 18. Re1 Nb6 19. Nc1 Nc4 20. Qe2 Bc2 21. Nd3 O-O
22. Bc1 h4 23. g4 Bg5 24. Be4 g6 25. f4 exf4 26. Bxf4 Bxf4 27. Nxf4 Qf6 28. Rf1
Bxe4 29. Qxe4 Nd2 30. Qd3 Nxf1 31. Rxf1 Qe5 32. Qb5 Qe3+ 33. Rf2 Rfe8 34. Qd7
Qe7 35. Qb5 Qe1+ 36. Kg2 Re3 37. Ne2 Rce8 38. Qd7 R3e7 0-1

[Event "WY Boys-U16"]
[Site "Porto Carras GRE"]
[Date "2010.10.26"]
[Round "7.4"]
[White "Predke, Alexandr"]
[Black "Anton Guijarro, David"]
[Result "1-0"]
[BlackTitle "FM"]
[WhiteElo "2436"]
[BlackElo "2403"]
[WhiteFideId "24107581"]
[BlackFideId "2285525"]
[EventDate "2010.10.20"]

1. c4 Nf6 2. Nc3 c6 3. e4 d6 4. d4 e5 5. Nf3 Nbd7 6. Be2 Be7 7. O-O O-O 8. Qc2
Re8 9. Rd1 Qc7 10. Rb1 a6 11. b3 b5 12. a3 Bf8 13. Bb2 Bb7 14. dxe5 Nxe5 15.
Nxe5 dxe5 16. Rd2 Rad8 17. Rbd1 Rxd2 18. Rxd2 Bc5 19. Nd1 Bb6 20. Qd3 Qe7 21.
Qc2 h6 22. Bf3 Nh7 23. Bg4 Nf6 24. Bf3 Nh7 25. Bg4 Nf8 26. h3 g6 27. b4 h5 28.
Be2 Qg5 29. c5 Bc7 30. Ne3 Ne6 31. Qd1 Bc8 32. Bf3 Nd4 33. Kf1 Be6 34. Bxd4 exd4
35. Rxd4 Be5 36. Rd2 Bf4 37. Rd3 Kg7 38. Qc2 Qf6 39. e5 Qxe5 40. Bxc6 Bxe3 41.
Bxe8 Bf4 42. Qc3 Bc4 43. Qxe5+ Bxe5 44. Ke2 Kf8 45. Bc6 Ke7 46. Kd2 Bxd3 47.
Kxd3 Bb2 48. a4 bxa4 49. Bxa4 Kd8 50. Bc6 Kc7 51. Be8 h4 52. Bxf7 g5 53. g3 hxg3
54. fxg3 Bf6 55. Bb3 Kc6 56. Kc4 Kc7 57. Ba4 Kd8 58. Kd3 Kc7 59. Ke4 Bc3 60. h4
gxh4 61. gxh4 Bxb4 62. c6 Kd8 63. h5 1-0

[Event "WY Boys-U16"]
[Site "Porto Carras GRE"]
[Date "2010.10.26"]
[Round "7.5"]
[White "Van Kampen, Robin"]
[Black "Donskov, Anatoly"]
[Result "1/2-1/2"]
[WhiteTitle "IM"]
[WhiteElo "2430"]
[BlackElo "2280"]
[WhiteFideId "1020854"]
[BlackFideId "24143413"]
[EventDate "2010.10.20"]

1. e4 c5 2. Nf3 Nc6 3. d4 cxd4 4. Nxd4 Nf6 5. Nc3 d6 6. Bg5 e6 7. Qd2 a6 8.
O-O-O Bd7 9. f3 Be7 10. Be3 h5 11. Kb1 Qc7 12. Nxc6 Bxc6 13. Ne2 d5 14. e5 Nd7
15. f4 Nc5 16. Nd4 Ne4 17. Qe1 g6 18. Bd3 b5 19. Bxe4 dxe4 20. Qc3 Rc8 21. Qxc6+
Qxc6 22. Nxc6 Rxc6 23. Rd4 O-O 24. Rxe4 Rfc8 25. c3 a5 26. Rd1 a4 27. Rd7 Kf8
28. a3 R6c7 29. Rxc7 Rxc7 30. Kc2 Ke8 31. Kd3 Rb7 32. Rd4 Bc5 33. Re4 Be7 34.
Kc2 Kd7 35. c4 Kc6 36. cxb5+ Kxb5 37. Bd2 Rc7+ 38. Bc3 Rc4 39. Rxc4 1/2-1/2

[Event "WY Boys-U16"]
[Site "Porto Carras GRE"]
[Date "2010.10.26"]
[Round "7.6"]
[White "Nasanjargal, Urtnasan"]
[Black "Bajarani, Ulvi"]
[Result "1-0"]
[BlackTitle "IM"]
[WhiteElo "2230"]
[BlackElo "2408"]
[WhiteFideId "4900774"]
[BlackFideId "13403028"]
[EventDate "2010.10.20"]

1. e4 c6 2. d4 d5 3. Nd2 dxe4 4. Nxe4 Nf6 5. Nxf6+ exf6 6. Be3 Bd6 7. g3 O-O 8.
Bg2 Be6 9. Ne2 Qd7 10. O-O Bh3 11. c4 Bxg2 12. Kxg2 Na6 13. a3 Nc7 14. Qd3 Rad8
15. Rad1 Rfe8 16. Rfe1 Bf8 17. Nc3 b5 18. b4 a6 19. Qe2 f5 20. cxb5 axb5 21. Qf3
h6 22. h4 Nd5 23. Nxd5 cxd5 24. Bf4 Re4 25. Rc1 Qe6 26. Rxe4 dxe4 27. Qc3 Kh7
28. Be3 Bd6 29. Qc6 Qg6 30. Qb6 Be7 31. Qxg6+ Kxg6 32. Rc6+ f6 33. Rc7 Bf8 34.
Ra7 Bd6 35. h5+ Kh7 36. Ra5 Rb8 37. d5 Bc7 38. Ra7 Be5 39. Bc5 Rd8 40. Rb7 Rxd5
41. Rxb5 f4 42. gxf4 Bxf4 43. a4 Kg8 44. Kh3 Bd2 45. Be3 Rxb5 46. axb5 Bxb4 47.
b6 1-0

[Event "WY Boys-U16"]
[Site "Porto Carras GRE"]
[Date "2010.10.26"]
[Round "7.7"]
[White "Ben Artzi, Ido"]
[Black "Abasov, Nijat Azad Oglu"]
[Result "0-1"]
[BlackTitle "IM"]
[WhiteElo "2183"]
[BlackElo "2517"]
[WhiteFideId "2810913"]
[BlackFideId "13402960"]
[EventDate "2010.10.20"]

1. d4 Nf6 2. c4 e6 3. Nc3 Bb4 4. e3 O-O 5. Bd3 d5 6. Nf3 c5 7. O-O Nc6 8. a3
Bxc3 9. bxc3 dxc4 10. Bxc4 Qc7 11. Bb2 b6 12. Bb5 Bb7 13. Qe2 a6 14. Ba4 Rfd8
15. c4 Ne4 16. Rfd1 Na5 17. Rac1 Rac8 18. Ne5 f6 19. Nd3 cxd4 20. exd4 Nxc4 21.
Bb3 b5 22. f3 Ng5 23. Nc5 Bd5 24. a4 Qf4 25. Bxc4 bxc4 26. Bc3 Re8 27. Qd2 Nxf3+
28. gxf3 Qxf3 29. Nxa6 e5 30. dxe5 Rcd8 31. Nc7 Be4 32. Nxe8 Rd3 33. Rf1 Qh1+
34. Kf2 Rf3+ 0-1

[Event "WY Boys-U16"]
[Site "Porto Carras GRE"]
[Date "2010.10.26"]
[Round "7.8"]
[White "Volkov, Nika"]
[Black "Bok, Benjamin"]
[Result "0-1"]
[BlackTitle "IM"]
[WhiteElo "2159"]
[BlackElo "2453"]
[WhiteFideId "13604376"]
[BlackFideId "1017063"]
[EventDate "2010.10.20"]

1. d4 Nf6 2. c4 g6 3. Nc3 d5 4. Nf3 Bg7 5. Bg5 Ne4 6. cxd5 Nxg5 7. Nxg5 e6 8.
Qd2 h6 9. Nh3 exd5 10. Qe3+ Kf8 11. Nf4 c6 12. Qd2 Bf6 13. g3 Kg7 14. Bg2 Nd7
15. O-O h5 16. e4 dxe4 17. Nxe4 Nb6 18. Rad1 Bg4 19. Nc5 Qb8 20. f3 Bf5 21. Ne4
Qd8 22. g4 Bc8 23. gxh5 g5 24. Ne2 Rxh5 25. f4 g4 26. N2g3 Rh8 27. f5 Nd5 28.
Qe2 Rh4 29. Qd2 Bd7 30. Rf2 Qh8 31. Nxf6 Nxf6 32. d5 Rxh2 33. Qc3 cxd5 34. Rxd5
Rc8 35. Qe5 Rc1+ 36. Rf1 Rc2 37. Be4 Qh3 38. Nh5+ Qxh5 39. Bxc2 Rh1+ 40. Kf2
Rxf1+ 0-1

[Event "WY Boys-U16"]
[Site "Porto Carras GRE"]
[Date "2010.10.26"]
[Round "7.9"]
[White "Bukavshin, Ivan"]
[Black "Igambergenov, Alibek"]
[Result "1-0"]
[WhiteTitle "FM"]
[WhiteElo "2430"]
[BlackElo "2195"]
[WhiteFideId "4199758"]
[BlackFideId "13703404"]
[EventDate "2010.10.20"]

1. Nf3 Nf6 2. c4 c6 3. d4 d5 4. e3 Bg4 5. h3 Bxf3 6. Qxf3 e6 7. Nc3 Nbd7 8. Bd2
Bd6 9. O-O-O Qc7 10. Kb1 Rc8 11. g4 h6 12. Rc1 Qd8 13. h4 dxc4 14. Bxc4 Nd5 15.
Ne4 Be7 16. g5 h5 17. g6 fxg6 18. Rhg1 Nf8 19. Nc5 Bxc5 20. dxc5 Qf6 21. Qg3 Nd7
22. e4 Ne7 23. Bc3 Qf7 24. Qd6 Nf8 25. Rcd1 Rg8 26. f4 b6 27. b4 b5 28. Bb3 a6
29. a3 Ra8 30. Rd2 g5 31. Rxg5 g6 32. Kb2 Rc8 33. Rg1 Qh7 34. Bf6 Qf7 35. Bg5
Rg7 36. Rgd1 Qg8 37. Bf6 Rh7 38. Rd4 g5 39. f5 gxh4 40. fxe6 Qg3 41. Qd8+ 1-0

[Event "WY Boys-U16"]
[Site "Porto Carras GRE"]
[Date "2010.10.26"]
[Round "7.10"]
[White "Stegariu, Vlad-Ionut"]
[Black "Sadzikowski, Daniel"]
[Result "0-1"]
[WhiteElo "2143"]
[BlackElo "2351"]
[WhiteFideId "1217860"]
[BlackFideId "1132253"]
[EventDate "2010.10.20"]

1. d4 Nf6 2. c4 e6 3. Nf3 b6 4. e3 Bb7 5. Be2 c5 6. O-O Be7 7. Nc3 cxd4 8. exd4
d5 9. Re1 O-O 10. Ne5 dxc4 11. Bxc4 Nc6 12. Nxc6 Bxc6 13. Bg5 Rc8 14. Ba6 Rc7
15. Bf4 Rd7 16. Be5 Qa8 17. f3 Nd5 18. Qb3 Nxc3 19. bxc3 Bd6 20. a4 Bxe5 21.
Rxe5 Qb8 22. Bb5 Qc7 23. a5 g6 24. Bxc6 Qxc6 25. axb6 axb6 26. Rb5 Rc8 27. Ra3
Rd6 28. Qb4 Qc7 29. Qb2 Rc6 30. Rab3 Qf4 31. Re5 b5 32. Re4 Qc7 33. Re3 Qa7 34.
Ra3 Qb6 35. Rb3 Qa7 36. Ra3 Qb8 37. Rb3 Qf4 38. Re4 Qd6 39. Re3 h5 40. g3 Rc4
41. Kg2 Qa6 42. Rxb5 Ra4 43. Rb8 Rxb8 44. Qxb8+ Kh7 45. Qf8 Ra2+ 46. Kh3 Qf1+
47. Kh4 Ra7 48. Kg5 Qb1 49. Re4 Ra5+ 50. Kh4 Rf5 51. Rf4 g5+ 52. Kxh5 gxf4+ 53.
Kg4 fxg3 54. hxg3 Qh1 0-1

[Event "WY Boys-U16"]
[Site "Porto Carras GRE"]
[Date "2010.10.26"]
[Round "7.11"]
[White "Handler, Lukas"]
[Black "Zhou, Yang-Fan"]
[Result "0-1"]
[BlackTitle "FM"]
[WhiteElo "2225"]
[BlackElo "2320"]
[WhiteFideId "1609580"]
[BlackFideId "468584"]
[EventDate "2010.10.20"]

1. d4 Nf6 2. c4 g6 3. Nc3 Bg7 4. e4 O-O 5. Nf3 d6 6. h3 e5 7. d5 a5 8. Be3 Na6
9. g4 h5 10. g5 Nd7 11. Qc2 Ndc5 12. a3 a4 13. Nxa4 Nxa4 14. Qxa4 Bd7 15. Qd1
Nc5 16. Bxc5 dxc5 17. Qd2 f5 18. gxf6 Qxf6 19. Be2 b5 20. Qg5 b4 21. Rg1 Qxg5
22. Nxg5 bxa3 23. Rxa3 Rxa3 24. bxa3 Rb8 25. Bd1 Rb1 26. Ne6 Kf7 27. Nxc5 Bxh3
28. Ne6 Bh6 29. Rg3 Bg4 30. f3 Bf4 31. Rxg4 hxg4 32. fxg4 Ke7 33. Ke2 Rb2+ 34.
Kf3 Rd2 35. Be2 c6 36. a4 Ra2 37. Nc5 Kd6 38. Nd3 c5 39. a5 g5 40. a6 Rxa6 41.
Kf2 Ra3 42. Kf3 Rc3 43. Kf2 Bd2 44. Nb2 Be3+ 45. Kf1 Rc1+ 46. Nd1 Bd4 47. Ke1
Rc2 48. Bd3 Rh2 49. Be2 Kc7 50. Kd2 Kb6 51. Kd3 Ka5 52. Kd2 Kb4 53. Kd3 Rh3+ 54.
Kd2 Ra3 55. Kc2 Ra1 56. Kd2 Kb3 57. Kd3 Rc1 58. Kd2 Rc2+ 59. Ke1 Ra2 0-1

[Event "WY Boys-U16"]
[Site "Porto Carras GRE"]
[Date "2010.10.26"]
[Round "7.12"]
[White "Srbis, Jurica"]
[Black "Liu, Chang"]
[Result "1/2-1/2"]
[WhiteElo "2277"]
[BlackElo "2162"]
[WhiteFideId "14515555"]
[BlackFideId "8606340"]
[EventDate "2010.10.20"]

1. e4 d6 2. d4 Nf6 3. Nc3 g6 4. Be3 Bg7 5. Qd2 c6 6. O-O-O b5 7. f3 O-O 8. Bh6
b4 9. Nce2 a5 10. h4 Nbd7 11. h5 Bxh6 12. Qxh6 e5 13. g4 Qe7 14. g5 Ne8 15. Ng3
Nb6 16. dxe5 dxe5 17. Rd2 a4 18. Rdh2 b3 19. a3 Ra7 20. N1e2 Qc5 21. Qxh7+ Kxh7
22. hxg6+ Kxg6 23. Rh6+ Kg7 24. Rh7+ Kg8 25. Rh8+ Kg7 26. R8h7+ 1/2-1/2

[Event "WY Boys-U16"]
[Site "Porto Carras GRE"]
[Date "2010.10.26"]
[Round "7.13"]
[White "Meskovs, Nikita"]
[Black "Muskardin, Mario"]
[Result "1-0"]
[WhiteElo "2263"]
[BlackElo "2138"]
[WhiteFideId "11602740"]
[BlackFideId "14518180"]
[EventDate "2010.10.20"]

1. Nf3 Nf6 2. g3 g6 3. Bg2 Bg7 4. O-O d5 5. c4 c6 6. d3 O-O 7. Nbd2 Nbd7 8. Rb1
a5 9. b3 e5 10. Qc2 d4 11. a3 Ne8 12. Re1 f5 13. e3 dxe3 14. Rxe3 f4 15. Re1 Nc5
16. Bf1 fxg3 17. hxg3 Bg4 18. Nxe5 Bxe5 19. Rxe5 Qf6 20. f4 Nd7 21. Re3 Nd6 22.
Bb2 Qf7 23. Ne4 Nxe4 24. Rxe4 Nf6 25. Qc3 Qd7 26. Rbe1 Rf7 27. Rd4 Qc7 28. c5 h5
29. Rd6 Raf8 30. Re5 Kh7 31. Bg2 h4 32. Qe1 Qc8 33. Re7 Nh5 34. Qe5 Nxg3 35. Qf6 1-0

[Event "WY Boys-U16"]
[Site "Porto Carras GRE"]
[Date "2010.10.26"]
[Round "7.14"]
[White "Gabuzyan, Hovhannes"]
[Black "Villalba, Marcelo"]
[Result "1-0"]
[BlackTitle "IM"]
[WhiteElo "2261"]
[BlackElo "2106"]
[WhiteFideId "13303732"]
[BlackFideId "3701859"]
[EventDate "2010.10.20"]

1. g3 e5 2. c4 d6 3. Nc3 f5 4. Bg2 Nf6 5. e3 Be7 6. Nge2 c6 7. O-O Na6 8. Rb1 d5
9. cxd5 cxd5 10. d4 e4 11. a3 O-O 12. Bd2 Be6 13. Qb3 Nc7 14. Rfc1 Qd7 15. Na4
Na6 16. Bf1 b5 17. Nac3 Rab8 18. Nf4 Nc7 19. Nxe6 Qxe6 20. Na2 Rfc8 21. Bb4 Bxb4
22. Nxb4 Rb6 23. Rc2 a5 24. Rbc1 Qd6 25. Nc6 a4 26. Qb4 Qxb4 27. Nxb4 Rb7 28.
Rc5 Nd7 29. Rxd5 Rd8 30. Rxf5 g6 31. Rf4 Ne6 32. Rxe4 Ng5 33. Rg4 h6 34. h4 Nf6
35. Rf4 Nh5 36. hxg5 Nxf4 37. gxf4 hxg5 38. fxg5 Kg7 39. d5 Re7 1-0

[Event "WY Boys-U16"]
[Site "Porto Carras GRE"]
[Date "2010.10.26"]
[Round "7.15"]
[White "Kosmas-Lekkas, Dimitiros"]
[Black "Ten Hertog, Hugo"]
[Result "1-0"]
[WhiteElo "2137"]
[BlackElo "2208"]
[WhiteFideId "4211936"]
[BlackFideId "1026356"]
[EventDate "2010.10.20"]

1. d4 d5 2. c4 e6 3. Nc3 c6 4. cxd5 exd5 5. Bf4 Nf6 6. e3 Bf5 7. Nge2 Qb6 8. Qd2
Nbd7 9. f3 Bg6 10. g4 Be7 11. h4 h5 12. g5 Nh7 13. Bg3 Bf5 14. Nf4 O-O 15. e4
dxe4 16. fxe4 Be6 17. Nxe6 fxe6 18. Bh3 c5 19. d5 Bd6 20. Bxe6+ Kh8 21. Bxd6
Qxd6 22. O-O-O Ne5 23. Nb5 Qa6 24. Qc3 Nf3 25. Rh3 Nd4 26. Nxd4 cxd4 27. Qxd4
Qxa2 28. Ra3 1-0

[Event "WY Boys-U16"]
[Site "Porto Carras GRE"]
[Date "2010.10.26"]
[Round "7.16"]
[White "Cori, Jorge"]
[Black "Seegert, Kristian"]
[Result "1-0"]
[WhiteTitle "GM"]
[WhiteElo "2496"]
[BlackElo "2181"]
[WhiteFideId "3802272"]
[BlackFideId "1405098"]
[EventDate "2010.10.20"]

1. d4 Nf6 2. Nf3 c5 3. c4 cxd4 4. Nxd4 e5 5. Nb5 d5 6. cxd5 Qa5+ 7. N5c3 b5 8.
a3 b4 9. Qa4+ Qxa4 10. Nxa4 Bd7 11. axb4 Nxd5 12. b5 Bxb5 13. e4 Bxf1 14. Kxf1
Nc7 15. Be3 Nc6 16. Ke2 Nd4+ 17. Bxd4 exd4 18. Rc1 Ne6 19. g3 g6 20. Nd2 Rd8 21.
Kd3 Rd7 22. f4 f5 23. exf5 gxf5 24. Rc6 Rd6 25. Rc8+ Ke7 26. Re1 Bg7 27. Rc7+
Kf6 28. Rxa7 Re8 29. Nf3 Rb8 30. Ne5 1-0